Al-Qaida dans le texte : Écrits d'Oussama ben Laden, Abdallah Azzam, Ayman al-Zawahiri et Abou Moussab al-Zarqawi. Traductions de Jean-Pierre Milelli (notice n° 2014999)
[ vue normale ]
| 000 -LEADER | |
|---|---|
| fixed length control field | 01137cam a2200145 4500500 |
| 005 - DATE AND TIME OF LATEST TRANSACTION | |
| control field | 20260329055836.0 |
| 041 ## - LANGUAGE CODE | |
| Language code of text/sound track or separate title | fre |
| 042 ## - AUTHENTICATION CODE | |
| Authentication code | dc |
| 100 10 - MAIN ENTRY--PERSONAL NAME | |
| Personal name | Kepel, Gilles |
| Relator term | author |
| 245 00 - TITLE STATEMENT | |
| Title | Al-Qaida dans le texte : Écrits d'Oussama ben Laden, Abdallah Azzam, Ayman al-Zawahiri et Abou Moussab al-Zarqawi. Traductions de Jean-Pierre Milelli |
| 260 ## - PUBLICATION, DISTRIBUTION, ETC. | |
| Name of publisher, distributor, etc. | Presses Universitaires de France,<br/> |
| Date of publication, distribution, etc. | 2008.<br/> |
| 520 ## - SUMMARY, ETC. | |
| Summary, etc. | Cette édition totalement inédite des textes d’Al-Qaida a été publiée aux PUFen 2005 dans la collection «proche Orient», que dirige Gilles Kepel. Elle est rééditée en «Quadrige» avec une préface inédite de G. Kepel et une actualisation portant principalement sur al-Zawahiri et al-Zarqawi (mort en Irak depuis). Tout l’intérêt de l’ouvrage est de présenter en vis-à-vis des extraits de textes des quatre figures de l’islamisme contemporain, et des commentaires et des analyses de spécialistes des mouvements islamistes contemporains. |
| 700 10 - ADDED ENTRY--PERSONAL NAME | |
| Personal name | Milelli, Jean-Pierre |
| Relator term | author |
| 856 41 - ELECTRONIC LOCATION AND ACCESS | |
| Uniform Resource Identifier | <a href="https://shs.cairn.info/al-qaida-dans-le-texte--9782130561514?lang=fr&redirect-ssocas=7080">https://shs.cairn.info/al-qaida-dans-le-texte--9782130561514?lang=fr&redirect-ssocas=7080</a> |
Pas d'exemplaire disponible.




Réseaux sociaux